Statistiques concernant Films avec Catherine Deneuve par image

Cliquez ici pour prendre le quiz!

Statistiques générales

  • Ce quiz a été pris 88 fois
  • Le résultat moyen est 8 sur 16

Statistiques - réponses

Réponse% Correct
Les Demoiselles de Rochefort
95%
Peau d'Âne
95%
Huit Femmes
78%
Les Parapluies de Cherbourg
74%
Bernadette
64%
Potiche
62%
Belle de jour
57%
Indochine
53%
Palais royal !
51%
Le Dernier Métro
49%
Le Sauvage
46%
La Sirène du Mississippi
38%
Ma saison préférée
30%
Un conte de Noël
28%
Répulsion
21%
La Reine blanche
7%

Distribution des résultats

Percentile par nombre de réponses

% des personnes avec chaque résultat

Votre développement - résultats

Vous n’avez pas pris ce quiz